000 01243nam a2200313 i 4500
001 bg
245 0 0 _aVademecum - źródła informacji o Unii Europejskiej [Dokument elektroniczny] /
_c[koordynacja i oprac. Anna Kierzkowska, Elżbieta Ławor] ; Biblioteka Depozytowa Wspólnot Europejskich. Urząd Komitetu Integracji Europejskiej.
250 _aWyd. 3.
254 _aDane tekstowe
260 _aWarszawa :
_bUKIE. Departament Analiz Ekonomicznych i Spoecznych,
_c2003.
300 _a1 dysk optyczny (CD-ROM) ;
_c12 cm.
500 _a15 poz. wydawnicza.
500 _aTyt. z etykiety.
500 _aWymagania systemowe: IBM PC; Windows 98 lub nowsze; Internet Explorer; Acrobat Reader; czytnik CD-ROM.
610 2 9 _aUnia Europejska
650 9 _aŹródła informacji
655 _aInformatory
655 _aDokumenty elektroniczne
700 1 _aKIERZKOWSKA, Anna.
_eop.
700 1 _aŁAWOR, Elżbieta.
_eOprac.
710 _aPolska
_bUrząd Komitetu Integracji Europejskiej
_bBiblioteka Depozytowa Wspólnot Europejskich
020 _a8389972247
040 _cBPK
041 0 _apol
080 _a339.923:061.1A/Z](4-67)(058):002
920 _a83-89972-24-7
942 _cCD
008 s pl f |000 0 pol
999 _c24071
_d24071
856 _uhttp://koha.tu.koszalin.pl/cgi-bin/koha/opac-detail.pl?biblionumber=24071
_yKatalog online BPK